Регионална библиотека "Любен Каравелов" - Русе

Функционална диагностика в детската възраст (Запис номер 206342)

MARC детайли
000 -Лидер
Контролно поле с фиксирана дължина 02158nam a2200313 c 4500
003 - Код на организацията, давaща контролен номер
Контролно поле BLK
005 - Дата и час на последна редакция
Контролно поле 20180422120806.0
008 - Елементи от данни с фиксирана дължина
fixed length control field 180411b bul|||||r ||||||| ||bul||
010 ## - Наследен системен номер
LC control number KNG00216091000
040 ## - Източник на каталожния запис
Идентификатор на билиотеката - собственик на записа BLK
041 ## - Код за език
Код за езика на текст/звукозапис или на отделно заглавие Български
Код за езика КДБФ Български
080 ## - УДК
Текстов определител УДК Педиатрия. Детски болести. Вж и 613.22 ; 613.95
УДК код - определител по УДК 616-053.2
УДК определител (035)
УДК - код + определител 616-053.2(035)
100 1# - Редна дума - Автор
Автор Ангьозова, Димитрина Савова
Авторска отговорност първи автор
R(LIN) 386698
139 ## - Редно поле
Редна дума Функционална диагностика в детската възраст
Авторски знак Фун - Ф 93
245 10 - Сведения за заглавието
Заглавие Функционална диагностика в детската възраст
Подзаглавни данни Ръководство
Редно поле (дума) Димитрина Савова Ангьозова; под ред. на Стефан Коларов; под ред. на Величко Гатев.
250 ## - Област на изданието
Сведения за изданието 2. прераб. и доп. изд
257 ## - Страна на издаване
Страна на създаване/издаване България
260 ## - Област на издателските данни
-- София
Име на издателя, разпространителя и проч. Медицина и физкултура
Година на издаване 1984
300 ## - Физическа характеристика
Страници 471 с.
Илюстрации и др. с ил., табл.
Размери/Мащаб 25 см
380 ## - Жанр
Жанр Медицина
500 ## - Общи забележки
Забележка Други авт. : В. О. Антова, Д. П. Белова, Ил. Н. Бойкинов, М. Б. Витанова, Г. М. Владимирова, В. Ал. Гатев, Е. П. Гачев, М. П. Дамянова, М. Ив. Казакова, Ат. Вл. Казакова, Ат. Вл. Каракашов, Ем. Н. Катеринов, Ив. П. Керековски, Ст. Ат. Коларов, Д. Костадинов, М. Ил. Лесев, Сн. Д. Маламова, Ив. Ив. Митев, Р. А. Недкова, Б. Д. Немски, П. П. Нинова, Ш. С. Ниньо, Д. П. Османлиев, Г. З. Панчев, Р. Д. Рахнева, З. Ст. Станчев, М. Ст. Узунова, Б. Г. Цанев, отбелязани на с. 5-6
700 1# - Други автори (авторска отговорност)
Лично име Коларов, Стефан
Автороска отговорност (Описва отношението между автора и произведението) под ред. на
9 (RLIN) 369277
700 1# - Други автори (авторска отговорност)
Лично име Гатев, Величко
Автороска отговорност (Описва отношението между автора и произведението) под ред. на
9 (RLIN) 369590
852 ## - Местоположение
Форматна сигнатура Цб 128868
856 4# - Електронен адрес и достъп
Електронен формат pdf - файл
Път до файла /url/
856 4# - Електронен адрес и достъп
Електронен формат pdf - файл
Път до файла /url/
942 ## - АРТИКУЛИ
Вид на библиотечния материал Книги
Скрит в OPAC Не
944 ## - СЪЗДАВАНЕ И РЕДАКЦИЯ на ЗАПИСА
Създаване/Редакция Създаване
Дата на регистрацията/редакция 14.02.2018
Служител, извършил регистрацията/редакцията Христина_Везирева
944 ## - СЪЗДАВАНЕ И РЕДАКЦИЯ на ЗАПИСА
Създаване/Редакция Редакция
Дата на регистрацията/редакция 14.02.2018
Служител, извършил регистрацията/редакцията Христина_Везирева
999 ## - СИСТЕМНИ КОНТРОЛНИ НОМЕРА
Koha biblionumber 206342
Koha biblioitemnumber 206342
Наличности
Код за отписване Код за изгубен артикул Източник на класификационната схема Код за повреда Коз за рестрикции Код за отдаване Артикулен № Име на библиотеката - собственик Име на библиотеката, в която се намира в момента Статус (Текущо местоположение) Дата на вписване в системата Местоположение - отдел Цена в лева Инвентарен номер Систематично азбучна сигнатура Баркод Номер на екземпляра Цена в евро Служебна бележка Служебен тип на артикула
  Не е изгубен Universal Decimal Classification Не е повреден без рестрикции ползва се в читалня 354976 Регионална библиотека "Любен Каравелов" Русе Регионална библиотека "Любен Каравелов" Русе Хранилище 1984-01-01 Хранилище 6.30 412263 Цб 128868 900000012460 1 3.22 Дост: Dp Вид: Сф N: стар фонд Дата: 01.01.1984 Книги
Изтеглен Не е изгубен Universal Decimal Classification Не е повреден без рестрикции заемане за дома 354977 Регионална библиотека "Любен Каравелов" Русе Регионална библиотека "Любен Каравелов" Русе Заемна - подръчен фонд 1984-01-01 Заемна - подръчен фонд 6.30 413570 П 616-053.2/Ф 93 413570 2 3.22 Дост: Pk Вид: Сф N: стар фонд Дата: 01.01.1984 Книги
Изтеглен Не е изгубен Universal Decimal Classification Не е повреден без рестрикции заемане за дома 354978 Регионална библиотека "Любен Каравелов" Русе Регионална библиотека "Любен Каравелов" Русе Заемна - подръчен фонд 1984-01-01 Заемна - подръчен фонд 6.30 413571 П 616-053.2/Ф 93 120000413571 3 3.22 Дост: Pk Вид: Сф N: стар фонд Дата: 01.01.1984 Дата инв: 15.02.2018 Бележки инв: П2018 Книги
Vip Innovations Ltd, Rousse, Bulgaria 2025